00885nam a2200229Ia 4500003000900000008004100009040001600050080002600066245015600092260003500248300001400283490005700297650002200354650001900376650001900395700002400414700002800438700002800466942000700494999001500501952013900516IN-BaIIA211028s9999 xx 000 0 eng d cIIA Library a047.1:621.38bAEE-22A 0aAdvances in electronics and electron physicsbvol. 22Acedited by J. D. McGee, D. Mcmullan and E. Kahan  aNew YorkbAcademic Pressc1966 axx, 669p. aAdvances in electronics and electron physics; v. 22A aElectronics91576 aElectrophysics aNASA Thesaurus aKahan E., ed.94890 aMcgee, J. D., ed.94891 aMcmullan, D., ed.94892 cBK c2728d2728 00104070aBANbKAVcGENd1967-03-30g144.90l0o047.1:621.38/ AEE-22Ap3042r2021-11-05v144.90w1967-03-30yBKGRs. 144.90